Statistics for Roman Provinces and Capitals in 117 AD

Click here to take the quiz!

General Stats

  • This quiz has been taken 125 times
  • The average score is 72 of 142

Answer Stats

Name of Region% Correct
Roma
97%
Italia
96%
Italy
93%
Spain
91%
Aegyptus
88%
France
88%
Portugal
88%
Germany
87%
Greece
87%
Israel
87%
Macedonia
87%
Romania
87%
Syria
87%
United Kingdom
87%
Egypt
86%
San Marino
86%
Croatia
84%
Libya
84%
Macedonia
84%
Serbia
84%
Switzerland
84%
Vatican City
84%
Bosnia-Hercegovina
83%
Bulgaria
83%
Morocco
83%
Turkey
83%
Algeria
82%
Armenia
82%
Austria
82%
Tunisia
80%
Albania
79%
Belgium
79%
Iraq
79%
Jordan
79%
Lebanon
79%
Netherlands
79%
Saudi Arabia
79%
Cyprus
78%
Slovenia
78%
Georgia
76%
Hungary
76%
Iran
76%
Kosovo
76%
Luxembourg
76%
Liechtenstein
75%
Londinium
75%
Montenegro
74%
Azerbaijan
72%
Malta
71%
Alexandria
70%
Britannia
70%
Monaco
70%
Lusitania
67%
Slovakia
67%
Kuwait
64%
Russia / Ukraine
64%
Africa Proconsularis
63%
Asia
63%
Judaea
61%
Corsica et Sardinia
59%
Creta et Cyrenaica
59%
Sicilia
59%
Dacia
58%
Dalmatia
58%
Thracia
58%
Zama Regia
57%
Arabia Petraea
50%
Achaea
47%
Bithynia et Pontus
47%
Caesarea Mauretaniae
46%
Narbo Martius
46%
Cappadocia
45%
Epirus
45%
Lugdunum
45%
Mesopotamia
45%
Gallia Narbonensis
43%
Germania Inferior
43%
Germania Superior
42%
Moesia Inferior
42%
Cilicia
41%
Syracuse
41%
Tarraco
41%
Thessalonica
41%
Galatia
39%
Moesia Superior
39%
Raetia
39%
Assyria
38%
Antioch
37%
Corinth
37%
Noricum
33%
Corduba
30%
Pannonia Inferior
30%
Pannonia Superior
30%
Bostra
29%
Carales
29%
Gallia Aquitania
29%
Ancyra
28%
Aquincum
26%
Augusta Treverorum
26%
Colonia Claudia Ara Agrippinensium
25%
Lycia et Pamphylia
25%
Alpes Maritimae
24%
Caesarea Maritima
24%
Emerita Augusta
24%
Gallia Lugdunensis
24%
Hispania Tarraconensis
24%
Tingis
24%
Burdigala
22%
Hispania Baetica
22%
-
21%
Gallia Belgica
21%
Ephesus
20%
Tarsus
18%
Alpes Cottiae
17%
Augusta Vindelicorum
16%
Cemenelum
16%
Attalia
14%
Mauretania Caesariensis
13%
Nicomedia
13%
Salona
13%
Segusio
13%
Paphos
12%
Alpes Poeninae
9%
Mauretania Tingitana
9%
Mogontiacum
9%
Tomis
9%
Ulpia Traiana Sarmizegetusa
9%
Octodurum
7%
Philippopolis
7%
Gortyn
5%
Artashat
4%
Nicopolis
4%
Caesarena
3%
Carnuntum
3%
Amida / Dara / Nisibis
1%
Panticapaeum
1%
Regnum Bospori
1%
Virunum
1%
Viminacium
0%

Score Distribution

Percentile by Number Answered

Percent of People with Each Score

Your Score History

You have not taken this quiz